Logo CIB grande

ELECTRONICA: TEORIA DE CIRCUITOS Y DISPOSITIVOS ELECTRONICOS (Registro nro. 223525)

Detalles MARC
000 -LEADER
campo de control de longitud fija 00990nam a2200349Ia 4500
005 - FECHA Y HORA DE LA ÚLTIMA TRANSACCIÓN
campo de control 20250425162146.0
008 - DATOS DE LONGITUD FIJA--INFORMACIÓN GENERAL
campo de control de longitud fija 250425s9999 xx 000 0 und d
020 ## - NÚMERO INTERNACIONAL ESTÁNDAR DEL LIBRO
Número Internacional Estándar del Libro 9702604362
041 ## - CÓDIGO DE IDIOMA
Código de lengua del texto/banda sonora o título independiente spa
043 ## - CÓDIGO DE ÁREA GEOGRÁFICA
Código de área geográfica mx
082 ## - NÚMERO DE LA CLASIFICACIÓN DECIMAL DEWEY
Número de clasificación 621.3815
010 ## - NÚMERO DE CONTROL DE LA BIBLIOTECA DEL CONGRESO
Número de control de LC 53769
100 ## - ENTRADA PRINCIPAL--NOMBRE DE PERSONA
Nombre de persona BOYLESTAD, ROBERT L.
245 #0 - MENCIÓN DEL TÍTULO
Título ELECTRONICA: TEORIA DE CIRCUITOS Y DISPOSITIVOS ELECTRONICOS
250 ## - MENCION DE EDICION
Mención de edición 8A ED.
260 ## - PUBLICACIÓN, DISTRIBUCIÓN, ETC.
Lugar de publicación, distribución, etc. MEXICO
260 ## - PUBLICACIÓN, DISTRIBUCIÓN, ETC.
Lugar de publicación, distribución, etc. México
Nombre del editor, distribuidor, etc. PEARSON EDUCACIÓN
Fecha de publicación, distribución, etc. 2003
300 ## - DESCRIPCIÓN FÍSICA
Extensión 1020
500 ## - NOTA GENERAL
Nota general Título Traducido: ELECTRONIC DEVICES AND CIRCUIT THEORY
650 ## - PUNTO DE ACCESO ADICIONAL DE MATERIA--TÉRMINO DE MATERIA
Término de materia o nombre geográfico como elemento de entrada CIRCUITOS ELECTRONICOS
650 ## - PUNTO DE ACCESO ADICIONAL DE MATERIA--TÉRMINO DE MATERIA
Término de materia o nombre geográfico como elemento de entrada CIRCUITOS ELECTRONICOS
650 ## - PUNTO DE ACCESO ADICIONAL DE MATERIA--TÉRMINO DE MATERIA
Término de materia o nombre geográfico como elemento de entrada DISPOSITIVOS ELECTRONICOS
650 ## - PUNTO DE ACCESO ADICIONAL DE MATERIA--TÉRMINO DE MATERIA
Término de materia o nombre geográfico como elemento de entrada DISPOSITIVOS ELECTRONICOS
650 ## - PUNTO DE ACCESO ADICIONAL DE MATERIA--TÉRMINO DE MATERIA
Término de materia o nombre geográfico como elemento de entrada ELECTRONICA
650 ## - PUNTO DE ACCESO ADICIONAL DE MATERIA--TÉRMINO DE MATERIA
Término de materia o nombre geográfico como elemento de entrada ELECTRONICA
650 ## - PUNTO DE ACCESO ADICIONAL DE MATERIA--TÉRMINO DE MATERIA
Término de materia o nombre geográfico como elemento de entrada EQUIPO ELECTRONICO
650 ## - PUNTO DE ACCESO ADICIONAL DE MATERIA--TÉRMINO DE MATERIA
Término de materia o nombre geográfico como elemento de entrada EQUIPO ELECTRONICO
650 ## - PUNTO DE ACCESO ADICIONAL DE MATERIA--TÉRMINO DE MATERIA
Término de materia o nombre geográfico como elemento de entrada INSTRUMENTOS ELECTRONICOS
650 ## - PUNTO DE ACCESO ADICIONAL DE MATERIA--TÉRMINO DE MATERIA
Término de materia o nombre geográfico como elemento de entrada INSTRUMENTOS ELECTRONICOS
700 ## - ENTRADA AGREGADA--NOMBRE PERSONAL
Nombre de persona CARLOS MENDOZA
Término indicativo de función/relación traductor
942 ## - ELEMENTOS DE ENTRADA SECUNDARIOS (KOHA)
Tipo de ítem Koha Libros
Existencias
Estatus retirado Estado de pérdida Estado de daño No para préstamo Biblioteca de origen Biblioteca actual Ubicación en estantería Fecha de adquisición Coste, precio normal de compra Etiqueta RFID Total de préstamos Código de barras Visto por última vez Fecha del último préstamo Copia número Tipo de ítem Koha Fuente de la clasificación o esquema de estantería Signatura topográfica completa
        CENTRO DE INFORMACIÓN BIBLIOTECARIA CENTRO DE INFORMACIÓN BIBLIOTECARIA   14/07/2016 25.00 0000000000000000012638 1 D-95686 20/10/2025 08/10/2025 32 Libros    
        CENTRO DE INFORMACIÓN BIBLIOTECARIA CENTRO DE INFORMACIÓN BIBLIOTECARIA   22/05/2013 33.00 0000000000000000012526 1 56372 24/10/2025 22/10/2025 26 Libros    
        CENTRO DE INFORMACIÓN BIBLIOTECARIA CENTRO DE INFORMACIÓN BIBLIOTECARIA   27/01/2009 38.00 0000000000000000012533   52902     16 Libros    
        CENTRO DE INFORMACIÓN BIBLIOTECARIA CENTRO DE INFORMACIÓN BIBLIOTECARIA   27/01/2009 38.00     52903     17 Libros    
        CENTRO DE INFORMACIÓN BIBLIOTECARIA CENTRO DE INFORMACIÓN BIBLIOTECARIA   27/01/2009 38.00 0000000000000000034468 5 52904 08/10/2025 08/10/2025 18 Libros    
        CENTRO DE INFORMACIÓN BIBLIOTECARIA CENTRO DE INFORMACIÓN BIBLIOTECARIA   27/01/2009 38.00 0000000000000000012540   52905     19 Libros Clasificación Decimal Dewey 621.3815
        CENTRO DE INFORMACIÓN BIBLIOTECARIA CENTRO DE INFORMACIÓN BIBLIOTECARIA   27/01/2009 38.00 0000000000000000012528   52906     20 Libros    
        CENTRO DE INFORMACIÓN BIBLIOTECARIA CENTRO DE INFORMACIÓN BIBLIOTECARIA   27/01/2009 38.00 0000000000000000012646   52908     22 Libros    
        CENTRO DE INFORMACIÓN BIBLIOTECARIA CENTRO DE INFORMACIÓN BIBLIOTECARIA   27/01/2009 38.00 0000000000000000012536 1 52909 30/10/2025 21/10/2025 23 Libros Clasificación Decimal Dewey 621.3815
        CENTRO DE INFORMACIÓN BIBLIOTECARIA CENTRO DE INFORMACIÓN BIBLIOTECARIA   27/01/2009 38.00 0000000000000000012523   52910     24 Libros    
        CENTRO DE INFORMACIÓN BIBLIOTECARIA CENTRO DE INFORMACIÓN BIBLIOTECARIA   27/01/2009 38.00 0000000000000000012544   52911     25 Libros    
        CENTRO DE INFORMACIÓN BIBLIOTECARIA CENTRO DE INFORMACIÓN BIBLIOTECARIA   23/05/2007 39.00     52411     3 Libros Clasificación Decimal Dewey 621.3815
        CENTRO DE INFORMACIÓN BIBLIOTECARIA CENTRO DE INFORMACIÓN BIBLIOTECARIA   23/05/2007 39.00 0000000000000000012653   52413     5 Libros Clasificación Decimal Dewey 621.3815
        CENTRO DE INFORMACIÓN BIBLIOTECARIA CENTRO DE INFORMACIÓN BIBLIOTECARIA   23/05/2007 39.00     52415     7 Libros    
        CENTRO DE INFORMACIÓN BIBLIOTECARIA CENTRO DE INFORMACIÓN BIBLIOTECARIA   23/05/2007 39.00     52418     10 Libros Clasificación Decimal Dewey  
        CENTRO DE INFORMACIÓN BIBLIOTECARIA CENTRO DE INFORMACIÓN BIBLIOTECARIA   23/05/2007 39.00     52419     11 Libros Clasificación Decimal Dewey 621.3815
        CENTRO DE INFORMACIÓN BIBLIOTECARIA CENTRO DE INFORMACIÓN BIBLIOTECARIA   23/05/2007 39.00     52420     12 Libros Clasificación Decimal Dewey  
        CENTRO DE INFORMACIÓN BIBLIOTECARIA CENTRO DE INFORMACIÓN BIBLIOTECARIA   08/05/2008 40.00 0000000000000000012521   39604     2 Libros    
        CENTRO DE INFORMACIÓN BIBLIOTECARIA CENTRO DE INFORMACIÓN BIBLIOTECARIA   23/02/2005 41.00 0000000000000000012649   39528     1 Libros    
        CENTRO DE INFORMACIÓN BIBLIOTECARIA CENTRO DE INFORMACIÓN BIBLIOTECARIA   08/01/2009 43.00 0000000000000000012538   52830     13 Libros    
        CENTRO DE INFORMACIÓN BIBLIOTECARIA CENTRO DE INFORMACIÓN BIBLIOTECARIA   08/01/2009 47.00 0000000000000000012642   52832     15 Libros    

Copyright 2025 ESPOL. Todos los derechos reservados.